| 000 | 00646nam a2200205Ii 4500 | ||
|---|---|---|---|
| 001 | 8135 | ||
| 003 | CO-ViMGA | ||
| 008 | 241108s9999||||xx |||||||||||||| ||und|| | ||
| 040 |
_aCO-ViMGA _bspa _erda _cCO-ViMGA |
||
| 041 | 0 | _aunk | |
| 082 | 0 | 4 | _a986.102-J854p |
| 100 | 1 |
_aAntonio Julián _944909 |
|
| 245 | 1 | 0 |
_a<La> perla de América : _bprovincia de Santa Marta |
| 264 | 1 | _a[Lugar de publicación no identificado] : Academia Colombiana de Historia, 1980 | |
| 300 | _avolumen | ||
| 336 |
_atext _btxt _2rdacontent |
||
| 337 |
_aunmediated _bn _2rdamedia |
||
| 338 |
_avolume _bnc _2rdacarrier |
||
| 940 | _aidficha_siabuc: 7954. -- ficha_no_siabuc:8135 | ||
| 999 |
_c50244 _d50244 |
||